Marital disputes and counselling / (Record no. 136488)
[ view plain ]
| 000 -LEADER | |
|---|---|
| fixed length control field | 00819nam a2200229 4500 |
| 010 ## - LIBRARY OF CONGRESS CONTROL NUMBER | |
| LC control number | A-820983 |
| 020 ## - INTERNATIONAL STANDARD BOOK NUMBER | |
| International Standard Book Number | 8170248019(Set) |
| 035 ## - SYSTEM CONTROL NUMBER | |
| System control number | A-820983 |
| 037 ## - SOURCE OF ACQUISITION | |
| Source of stock number/acquisition | Cen Lib / Ret |
| 040 ## - CATALOGING SOURCE | |
| Original cataloging agency | DPL |
| Language of cataloging | EN |
| 082 ## - DEWEY DECIMAL CLASSIFICATION NUMBER | |
| Classification number | 363.9 |
| Item number | MAR |
| 245 ## - TITLE STATEMENT | |
| Title | Marital disputes and counselling / |
| Statement of responsibility, etc | edited by Mamta Sehgal [and] Nirmala Sherjung |
| 260 ## - PUBLICATION, DISTRIBUTION, ETC. (IMPRINT) | |
| Place of publication, distribution, etc | New Delhi |
| Name of publisher, distributor, etc | APH Publishing Corporation |
| Date of publication, distribution, etc | 1997 |
| 270 ## - ADDRESS | |
| Address | 5, Ansari Road Darya Ganj |
| City | New Delhi |
| Postal code | 110002 |
| 300 ## - PHYSICAL DESCRIPTION | |
| Extent | (v 1. 114 ; v 2. 121 ; v 3.138p) |
| Other physical details | 24cm(Hb) |
| 505 ## - FORMATTED CONTENTS NOTE | |
| Formatted contents note | 3 v. ; v 1 Counselling methodology.--v. 2. Diagnostic techniques ; v. 3. Remedial measures |
| 650 ## - SUBJECT ADDED ENTRY--TOPICAL TERM | |
| Topical term or geographic name as entry element | Marital conflicts -- India. |
| 650 ## - SUBJECT ADDED ENTRY--TOPICAL TERM | |
| Topical term or geographic name as entry element | Marriage counseling -- India. |
| 700 ## - ADDED ENTRY--PERSONAL NAME | |
| Personal name | Sehgal, Mamta |
| 700 ## - ADDED ENTRY--PERSONAL NAME | |
| Personal name | Sherjung, Nirmala |
| 942 ## - ADDED ENTRY ELEMENTS (KOHA) | |
| Source of classification or shelving scheme | Dewey Decimal Classification |
| Koha item type | English Books |
| Classification part | 363.9 |
| Call number suffix | MAR |
| Withdrawn status | Lost status | Materials specified (bound volume or other part) | Damaged status | Not for loan | Home library | Current library | Date acquired | Source of acquisition | Total Checkouts | Full call number | Barcode | Date last seen | Price effective from | Koha item type | Public note | Source of classification or shelving scheme | Copy number |
|---|---|---|---|---|---|---|---|---|---|---|---|---|---|---|---|---|---|
| Written off | v 1 | Central Library | Central Library | 05/03/2016 | Cen Lib/Ret | 363.9 MAR | A-820975 | 05/03/2016 | 27/07/2016 | English Books | W/d List No. 6868/16 ; dtd 11/08/2020 | ||||||
| Written off | v 2 | Central Library | Central Library | 08/03/2016 | Cen Lib/Ret | 363.9 MAR | A-820979 | 08/03/2016 | 08/03/2016 | English Books | W/d List No. 6880/22 ; dtd 01/09/2020 | Dewey Decimal Classification | 1 |
